000
00242nam a2200097Ia 4500
008
230915s9999 xx 000 0 und d
050
_a
KD 1715 .P75 2017
100
_a
CRANSTON,ROSS et.al.
245
0
_a
PRINCIPLES OF BANKING LAW
942
_c
BK
999
_c
162667
_d
162667